[Event "Prague Open 2022 - A IM Open"]
[Site "Olympik hotel, Prague"]
[Date "2022.01.11"]
[Round "6"]
[Board "10"]
[White "Michalczak, Thomas"]
[Black "Urkedal, Frode Olav Olsen"]
[Result "0-1"]
[WhiteElo "2218"]
[BlackElo "2553"]
[PlyCount "0"]
[EventDate "2022.01.07"]
[EventRounds "9"]
[EventCountry "CZE"]

1. e4 {[%clk 1:30:46]} c5 {[%clk 1:24:51]} 2. c3 {[%clk 1:31:10]} d5
{[%clk 1:23:33]} 3. exd5 {[%clk 1:31:33]} Qxd5 {[%clk 1:23:58]} 4. d4
{[%clk 1:31:46]} Nf6 {[%clk 1:23:30]} 5. Nf3 {[%clk 1:32:10]} e6 {[%clk 1:22:51]}
6. Na3 {[%clk 1:28:40]} Qd8 {[%clk 1:18:20]} 7. Nc4 {[%clk 1:28:13]} Be7
{[%clk 1:15:57]} 8. Bg5 {[%clk 1:24:46]} O-O {[%clk 1:09:19]} 9. Bd3
{[%clk 1:22:20]} cxd4 {[%clk 1:00:55]} 10. cxd4 {[%clk 1:19:33]} Nc6
{[%clk 0:58:22]} 11. O-O {[%clk 1:17:04]} Nb4 {[%clk 0:56:32]} 12. Bb1
{[%clk 1:16:56]} b6 {[%clk 0:56:13]} 13. a3 {[%clk 1:16:55]} Nbd5
{[%clk 0:56:22]} 14. Nce5 {[%clk 1:16:31]} Bb7 {[%clk 0:53:38]} 15. Qd3
{[%clk 1:12:04]} Rc8 {[%clk 0:48:47]} 16. Ng4 {[%clk 1:10:18]} g6
{[%clk 0:48:24]} 17. Nh6+ {[%clk 1:10:23]} Kg7 {[%clk 0:48:16]} 18. Ne5
{[%clk 1:10:32]} Nh5 {[%clk 0:40:34]} 19. Nhxf7 {[%clk 0:27:31]} Rxf7
{[%clk 0:39:34]} 20. Bh6+ {[%clk 0:27:44]} Kg8 {[%clk 0:39:56]} 21. Nxg6
{[%clk 0:27:58]} Bd6 {[%clk 0:32:34]} 22. Qh3 {[%clk 0:26:47]} hxg6
{[%clk 0:14:20]} 23. Bxg6 {[%clk 0:23:01]} Ng7 {[%clk 0:12:55]} 24. Bxf7+
{[%clk 0:03:59]} Kxf7 {[%clk 0:13:18]} 25. Bxg7 {[%clk 0:04:19]} Kxg7
{[%clk 0:12:33]} 26. Qg4+ {[%clk 0:03:55]} Kf6 {[%clk 0:11:34]} 27. Qh4+
{[%clk 0:04:19]} Kg6 {[%clk 0:11:10]} 28. Qe4+ {[%clk 0:04:14]} Kg7
{[%clk 0:04:54]} 29. Qg4+ {[%clk 0:04:38]} Kf8 {[%clk 0:05:14]} 30. Qxe6
{[%clk 0:03:52]} Rc7 {[%clk 0:03:13]} 31. Rfe1 {[%clk 0:04:00]} Rg7
{[%clk 0:03:18]} 32. Qh6 {[%clk 0:03:34]} Nf6 {[%clk 0:02:43]} 33. Re6
{[%clk 0:01:41]} Kf7 {[%clk 0:03:05]} 34. Rae1 {[%clk 0:01:22]} Rxg2+
{[%clk 0:03:07]} 35. Kf1 {[%clk 0:01:21]} Rxf2+ {[%clk 0:03:07]}  0-1

[Event "Prague Open 2022 - A IM Open"]
[Site "Olympik hotel, Prague"]
[Date "2022.01.11"]
[Round "6"]
[Board "11"]
[White "Grutter, Tim"]
[Black "Fus, Jakub"]
[Result "1-0"]
[WhiteElo "2194"]
[BlackElo "2385"]
[PlyCount "0"]
[EventDate "2022.01.07"]
[EventRounds "9"]
[EventCountry "CZE"]

1. e4 {[%clk 1:30:58]} e6 {[%clk 1:29:06]} 2. d4 {[%clk 1:31:24]} d5
{[%clk 1:29:11]} 3. Nd2 {[%clk 1:31:49]} c5 {[%clk 1:28:43]} 4. exd5
{[%clk 1:32:13]} Qxd5 {[%clk 1:27:30]} 5. Ngf3 {[%clk 1:32:36]} cxd4
{[%clk 1:27:41]} 6. Bc4 {[%clk 1:32:40]} Qd7 {[%clk 1:27:44]} 7. O-O
{[%clk 1:31:41]} Nc6 {[%clk 1:27:37]} 8. Nb3 {[%clk 1:31:00]} Nf6
{[%clk 1:27:34]} 9. Nbxd4 {[%clk 1:30:14]} Nxd4 {[%clk 1:27:53]} 10. Nxd4
{[%clk 1:30:24]} a6 {[%clk 1:28:13]} 11. c3 {[%clk 1:24:39]} Qc7 {[%clk 1:27:15]}
12. Be2 {[%clk 1:20:05]} Bd6 {[%clk 1:26:35]} 13. h3 {[%clk 1:17:29]} Bd7
{[%clk 1:25:11]} 14. Bf3 {[%clk 1:13:29]} O-O-O {[%clk 1:23:41]} 15. Qc2
{[%clk 1:04:34]} Rdg8 {[%clk 1:18:36]} 16. Rd1 {[%clk 0:53:56]} g5
{[%clk 1:16:08]} 17. c4 {[%clk 0:52:43]} h5 {[%clk 1:13:12]} 18. c5
{[%clk 0:39:46]} Qxc5 {[%clk 1:03:21]} 19. Qb3 {[%clk 0:36:26]} Qb4
{[%clk 1:00:50]} 20. Qc2+ {[%clk 0:35:00]} Kb8 {[%clk 0:49:39]} 21. a3
{[%clk 0:34:44]} Qb6 {[%clk 0:26:42]} 22. Be3 {[%clk 0:30:59]} Nd5
{[%clk 0:24:38]} 23. Bxd5 {[%clk 0:29:20]} exd5 {[%clk 0:25:02]} 24. Nf5
{[%clk 0:26:59]} Qc7 {[%clk 0:21:56]} 25. Qd3 {[%clk 0:21:23]} Bxf5
{[%clk 0:11:33]} 26. Qxf5 {[%clk 0:21:47]} Bf4 {[%clk 0:03:12]} 27. Rac1
{[%clk 0:13:07]} Qe5 {[%clk 0:03:12]} 28. Bxf4 {[%clk 0:12:39]} Qxf4
{[%clk 0:03:38]} 29. Qxf4+ {[%clk 0:12:40]} gxf4 {[%clk 0:04:04]} 30. Rxd5
{[%clk 0:13:05]} Rh6 {[%clk 0:02:11]} 31. f3 {[%clk 0:10:52]} Rhg6
{[%clk 0:02:31]} 32. Rc2 {[%clk 0:11:04]} Rg5 {[%clk 0:02:12]} 33. Rcd2
{[%clk 0:10:11]} Kc8 {[%clk 0:02:11]} 34. h4 {[%clk 0:09:47]} Rxd5
{[%clk 0:00:47]} 35. Rxd5 {[%clk 0:10:12]} Rd8 {[%clk 0:01:12]} 36. Rxh5
{[%clk 0:10:01]} Rd2 {[%clk 0:01:35]} 37. Rf5 {[%clk 0:09:55]} Rxb2
{[%clk 0:01:58]} 38. h5 {[%clk 0:10:11]} Rb6 {[%clk 0:01:58]} 39. Rxf4
{[%clk 0:10:33]} Rh6 {[%clk 0:02:08]} 40. g4 {[%clk 0:09:56]} Rh7
{[%clk 0:02:35]} 41. Rf6 {[%clk 0:09:48]} Kc7 {[%clk 0:02:37]} 42. h6
{[%clk 0:09:51]} a5 {[%clk 0:02:52]} 43. g5 {[%clk 0:10:05]} b5 {[%clk 0:03:18]}
44. Kf2 {[%clk 0:09:37]} b4 {[%clk 0:03:38]} 45. axb4 {[%clk 0:09:53]} axb4
{[%clk 0:03:57]} 46. Rf4 {[%clk 0:10:15]} Kd6 {[%clk 0:01:23]} 47. Rxb4
{[%clk 0:10:39]} Ke5 {[%clk 0:01:45]} 48. Kg3 {[%clk 0:10:24]} Kf5
{[%clk 0:02:36]} 49. Rb5+ {[%clk 0:10:24]} Kg6 {[%clk 0:02:36]} 50. Kg4
{[%clk 0:09:51]} Rh8 {[%clk 0:03:18]} 51. Rb6+ Kh7 {[%clk 0:03:30]} 52. Rb7
{[%clk 0:09:42]} Kg6 {[%clk 0:03:56]} 53. f4 {[%clk 0:09:33]} Rf8
{[%clk 0:03:56]} 54. f5+ Kh7 55. Kh5 {[%clk 0:08:36]} Kg8 {[%clk 0:04:47]} 56. g6
{[%clk 0:08:33]} fxg6+ {[%clk 0:05:06]} 57. fxg6 {[%clk 0:08:48]} Ra8
{[%clk 0:05:19]} 58. h7+ {[%clk 0:08:24]} Kh8 {[%clk 0:05:45]} 59. Kh6
{[%clk 0:08:43]} Ra7 {[%clk 0:06:01]} 60. g7#  1-0

[Event "Prague Open 2022 - A IM Open"]
[Site "Olympik hotel, Prague"]
[Date "2022.01.11"]
[Round "6"]
[Board "12"]
[White "Jordanov, Mihail"]
[Black "Plischki, Sebastian"]
[Result "0-1"]
[WhiteElo "2209"]
[BlackElo "2375"]
[PlyCount "0"]
[EventDate "2022.01.07"]
[EventRounds "9"]
[EventCountry "CZE"]

1. e4 {[%clk 1:30:55]} c5 {[%clk 1:30:51]} 2. Nf3 {[%clk 1:31:18]} e6
{[%clk 1:31:12]} 3. d4 {[%clk 1:31:32]} cxd4 {[%clk 1:31:38]} 4. Nxd4
{[%clk 1:31:56]} a6 {[%clk 1:32:00]} 5. Bd3 {[%clk 1:31:59]} Bc5 {[%clk 1:32:15]}
6. Nb3 {[%clk 1:31:54]} Ba7 {[%clk 1:32:37]} 7. Qg4 {[%clk 1:30:33]} Nf6
{[%clk 1:32:39]} 8. Qg3 {[%clk 1:30:27]} d6 {[%clk 1:32:32]} 9. Nc3
{[%clk 1:29:11]} Nc6 {[%clk 1:32:32]} 10. Bg5 {[%clk 1:23:28]} h6
{[%clk 1:31:02]} 11. Bd2 {[%clk 1:23:39]} Ne5 {[%clk 1:28:31]} 12. O-O-O
{[%clk 1:13:24]} b5 {[%clk 1:24:15]} 13. f4 {[%clk 1:04:55]} Nxd3+
{[%clk 1:22:21]} 14. cxd3 {[%clk 1:03:32]} b4 {[%clk 1:15:50]} 15. Ne2
{[%clk 1:02:04]} a5 {[%clk 1:04:54]} 16. Qxg7 {[%clk 0:54:56]} Rg8
{[%clk 0:50:07]} 17. Qxh6 {[%clk 0:55:18]} Rxg2 {[%clk 0:50:30]} 18. Qh8+
{[%clk 0:33:56]} Kd7 {[%clk 0:45:32]} 19. Qxd8+ {[%clk 0:33:49]} Kxd8
{[%clk 0:45:57]} 20. Rde1 {[%clk 0:28:57]} Ba6 {[%clk 0:43:12]} 21. Nxa5
{[%clk 0:27:37]} Rc8+ {[%clk 0:42:02]} 22. Kd1 {[%clk 0:26:49]} Bxd3
{[%clk 0:42:20]} 23. Bxb4 {[%clk 0:24:43]} Nxe4 {[%clk 0:39:03]} 24. Bc3
{[%clk 0:23:12]} Be3 {[%clk 0:35:18]} 25. Rhf1 {[%clk 0:22:39]} Rxh2
{[%clk 0:31:20]} 26. Nb3 {[%clk 0:21:47]} Rxc3 {[%clk 0:30:00]} 27. bxc3
{[%clk 0:20:13]} Nxc3+ {[%clk 0:30:14]} 28. Nxc3 {[%clk 0:20:39]} Bc2#  0-1

[Event "Prague Open 2022 - A IM Open"]
[Site "Olympik hotel, Prague"]
[Date "2022.01.11"]
[Round "6"]
[Board "13"]
[White "Schouten, Mathias Lind"]
[Black "Sorm, Daniel"]
[Result "0-1"]
[WhiteElo "2165"]
[BlackElo "2345"]
[PlyCount "0"]
[EventDate "2022.01.07"]
[EventRounds "9"]
[EventCountry "CZE"]

1. e4 {[%clk 1:28:45]} e5 {[%clk 1:31:14]} 2. Nf3 {[%clk 1:28:58]} Nc6
{[%clk 1:31:07]} 3. Bb5 {[%clk 1:29:20]} a6 {[%clk 1:30:41]} 4. Ba4
{[%clk 1:29:32]} Nf6 5. O-O {[%clk 1:29:56]} b5 {[%clk 1:30:58]} 6. Bb3 Bb7 7. c3
{[%clk 1:29:46]} Nxe4 {[%clk 1:30:15]} 8. Re1 {[%clk 1:30:00]} d5
{[%clk 1:28:47]} 9. d3 {[%clk 1:29:19]} Nc5 {[%clk 1:26:30]} 10. Nxe5
{[%clk 1:28:55]} Nxe5 {[%clk 1:26:41]} 11. Rxe5+ {[%clk 1:29:19]} Ne6
{[%clk 1:26:58]} 12. Qh5 {[%clk 1:15:31]} g6 {[%clk 1:22:30]} 13. Qf3
{[%clk 1:15:50]} Bg7 {[%clk 1:14:21]} 14. Bg5 {[%clk 1:11:02]} Qd6
{[%clk 1:11:59]} 15. Bf6 {[%clk 1:08:13]} O-O {[%clk 1:09:37]} 16. Bxg7
{[%clk 1:06:53]} Kxg7 {[%clk 1:01:56]} 17. d4 {[%clk 1:05:25]} c5
{[%clk 1:01:35]} 18. Qe3 {[%clk 0:56:40]} cxd4 {[%clk 0:45:20]} 19. cxd4
{[%clk 0:57:03]} Rfe8 {[%clk 0:45:20]} 20. Qe1 {[%clk 0:46:42]} Kf8
{[%clk 0:38:35]} 21. Nc3 {[%clk 0:35:59]} Nxd4 {[%clk 0:32:42]} 22. Rxe8+
{[%clk 0:36:23]} Rxe8 {[%clk 0:33:05]} 23. Qd2 {[%clk 0:36:45]} Qe5
{[%clk 0:25:34]} 24. Rd1 {[%clk 0:34:19]} Nxb3 {[%clk 0:24:36]} 25. axb3
{[%clk 0:34:42]} d4 {[%clk 0:24:47]} 26. Na2 {[%clk 0:34:20]} Qe4
{[%clk 0:21:17]} 27. f3 {[%clk 0:34:18]} Qe3+ {[%clk 0:21:40]} 28. Kf1
{[%clk 0:32:10]} Bxf3 {[%clk 0:18:45]} 29. Qxe3 {[%clk 0:27:28]} dxe3
{[%clk 0:18:47]} 30. Re1 {[%clk 0:27:52]} Bb7 {[%clk 0:15:37]} 31. Nb4
{[%clk 0:27:32]} f5 {[%clk 0:15:14]}  0-1

[Event "Prague Open 2022 - A IM Open"]
[Site "Olympik hotel, Prague"]
[Date "2022.01.11"]
[Round "6"]
[Board "14"]
[White "Soucek, Petr"]
[Black "Ondrus, Martin"]
[Result "1/2-1/2"]
[WhiteElo "2144"]
[BlackElo "2267"]
[PlyCount "0"]
[EventDate "2022.01.07"]
[EventRounds "9"]
[EventCountry "CZE"]

1. e4 {[%clk 1:30:58]} c5 {[%clk 1:30:46]} 2. Nf3 {[%clk 1:31:23]} d6
{[%clk 1:31:12]} 3. d4 {[%clk 1:31:50]} cxd4 {[%clk 1:31:39]} 4. Qxd4
{[%clk 1:32:16]} Nc6 {[%clk 1:32:03]} 5. Qe3 {[%clk 1:32:42]} Nf6
{[%clk 1:29:56]} 6. Be2 {[%clk 1:32:49]} g6 7. O-O {[%clk 1:33:07]} Bg7
{[%clk 1:30:17]} 8. h3 {[%clk 1:33:30]} O-O {[%clk 1:30:25]} 9. Rd1
{[%clk 1:33:37]} Nd7 {[%clk 1:27:30]} 10. Nc3 {[%clk 1:33:44]} Nc5
{[%clk 1:25:19]} 11. Qf4 {[%clk 1:24:15]} e5 {[%clk 1:16:35]} 12. Qd2
{[%clk 1:07:17]} Nd4 {[%clk 1:16:36]} 13. Nxd4 {[%clk 1:04:38]} exd4
{[%clk 1:16:48]} 14. Nb5 {[%clk 1:02:10]} Nxe4 {[%clk 1:14:52]} 15. Qf4
{[%clk 1:01:28]} Re8 {[%clk 0:57:47]} 16. Nxd4 {[%clk 0:53:25]} Be5
{[%clk 0:52:50]} 17. Qf3 {[%clk 0:51:19]} d5 {[%clk 0:41:21]} 18. c3
{[%clk 0:38:48]} Qb6 {[%clk 0:37:46]} 19. a4 {[%clk 0:30:47]} Bd7
{[%clk 0:35:59]} 20. a5 {[%clk 0:30:37]} Qd6 {[%clk 0:34:12]} 21. Bd3
{[%clk 0:26:49]} f5 {[%clk 0:33:49]} 22. Ne2 {[%clk 0:24:42]} Bc6
{[%clk 0:30:14]} 23. Bf4 {[%clk 0:22:12]} g5 {[%clk 0:27:57]} 24. Bxe5 Qxe5
{[%clk 0:27:58]} 25. Nd4 {[%clk 0:21:31]} Rf8 {[%clk 0:25:26]} 26. Qe2
{[%clk 0:15:53]} Qf6 {[%clk 0:21:10]} 27. f3 {[%clk 0:15:53]} Nd6
{[%clk 0:21:34]} 28. Qe6+ {[%clk 0:15:14]} Kg7 {[%clk 0:21:52]} 29. Qxf6+
{[%clk 0:13:54]} Kxf6 {[%clk 0:21:32]} 30. a6 {[%clk 0:14:17]} Rfe8
{[%clk 0:18:04]} 31. axb7 {[%clk 0:14:40]} Bxb7 {[%clk 0:18:24]} 32. Re1
{[%clk 0:14:48]} Rxe1+ {[%clk 0:18:08]} 33. Rxe1 {[%clk 0:15:11]} Bc8
{[%clk 0:18:33]} 34. Ra1 {[%clk 0:13:49]} a5 {[%clk 0:16:53]} 35. Kf2
{[%clk 0:08:28]} Bd7 {[%clk 0:16:23]} 36. Ke2 {[%clk 0:07:40]} h5
{[%clk 0:13:40]} 37. Kd2 {[%clk 0:06:52]} f4 {[%clk 0:13:36]} 38. b3
{[%clk 0:04:20]} Nc8 {[%clk 0:10:35]} 39. Bb5 {[%clk 0:03:10]} Bxb5
{[%clk 0:07:35]} 40. Nxb5 {[%clk 0:03:33]} Nb6 {[%clk 0:07:55]} 41. Nc7
{[%clk 0:01:15]} Rc8 {[%clk 0:08:00]} 42. Nb5 {[%clk 0:01:33]} Ra8
{[%clk 0:06:18]}  1/2-1/2

[Event "Prague Open 2022 - A IM Open"]
[Site "Olympik hotel, Prague"]
[Date "2022.01.11"]
[Round "6"]
[Board "15"]
[White "Unneland, Mathias"]
[Black "Bouska, Jiri"]
[Result "1-0"]
[WhiteElo "2262"]
[BlackElo "2061"]
[PlyCount "0"]
[EventDate "2022.01.07"]
[EventRounds "9"]
[EventCountry "CZE"]

1. e4 {[%clk 1:29:19]} c5 {[%clk 1:30:43]} 2. Nf3 {[%clk 1:29:16]} Nc6
{[%clk 1:31:06]} 3. d4 {[%clk 1:29:25]} cxd4 {[%clk 1:31:23]} 4. Nxd4
{[%clk 1:29:44]} g6 {[%clk 1:31:37]} 5. c4 {[%clk 1:29:31]} Nf6 {[%clk 1:31:44]}
6. Nc3 {[%clk 1:29:41]} d6 {[%clk 1:31:57]} 7. Be2 {[%clk 1:29:43]} Nxd4
{[%clk 1:32:19]} 8. Qxd4 {[%clk 1:30:05]} Bg7 {[%clk 1:32:45]} 9. Be3
{[%clk 1:29:56]} O-O {[%clk 1:32:21]} 10. Qd3 {[%clk 1:29:53]} Be6
{[%clk 1:31:23]} 11. O-O {[%clk 1:28:56]} Ng4 {[%clk 1:28:19]} 12. Bd4
{[%clk 1:24:56]} Bxd4 {[%clk 1:20:47]} 13. Qxd4 {[%clk 1:25:11]} Nf6
{[%clk 1:18:33]} 14. Kh1 {[%clk 1:23:33]} Qa5 {[%clk 1:11:49]} 15. f4
{[%clk 1:18:25]} Qc5 {[%clk 0:55:20]} 16. Qxc5 {[%clk 1:15:34]} dxc5
{[%clk 0:55:15]} 17. f5 {[%clk 1:12:01]} gxf5 {[%clk 0:53:40]} 18. exf5
{[%clk 1:11:41]} Bd7 {[%clk 0:53:48]} 19. Bf3 {[%clk 1:10:57]} h5
{[%clk 0:17:55]} 20. Rae1 {[%clk 1:05:46]} Bxf5 {[%clk 0:11:25]} 21. Bxb7
{[%clk 1:02:59]} Rab8 {[%clk 0:11:26]} 22. Rxf5 {[%clk 1:00:47]} Rxb7
{[%clk 0:11:29]} 23. b3 {[%clk 1:01:03]} Rc8 {[%clk 0:11:11]} 24. h3
{[%clk 0:57:27]} Rd7 {[%clk 0:04:51]} 25. Ne4 {[%clk 0:57:23]} Nxe4
{[%clk 0:04:22]} 26. Rxe4 {[%clk 0:57:46]} f6 {[%clk 0:03:26]} 27. Rxh5
{[%clk 0:58:07]} Rcc7 {[%clk 0:02:38]} 28. Rf4 {[%clk 0:56:17]} Kg7
{[%clk 0:02:35]} 29. Rhf5 {[%clk 0:55:23]} Rd2 {[%clk 0:02:26]} 30. Rf2
{[%clk 0:55:33]} Rxf2 {[%clk 0:02:33]} 31. Rxf2 {[%clk 0:55:56]} Rd7
{[%clk 0:02:40]} 32. Re2 {[%clk 0:55:11]} e5 {[%clk 0:02:31]} 33. Kg1
{[%clk 0:55:15]} Kf7 {[%clk 0:00:58]} 34. Kf2 {[%clk 0:55:37]} Ke6
{[%clk 0:01:22]} 35. Ke1 {[%clk 0:55:31]} f5 {[%clk 0:00:56]} 36. Rd2
{[%clk 0:55:48]} Rg7 {[%clk 0:01:10]} 37. Kf2 {[%clk 0:56:07]} Rc7
{[%clk 0:00:52]} 38. Kf3 {[%clk 0:56:18]} Rc6 {[%clk 0:00:50]} 39. Rd5
{[%clk 0:56:20]} Ra6 {[%clk 0:01:09]} 40. Rd2 {[%clk 0:56:12]} Rc6
{[%clk 0:01:27]} 41. g4 {[%clk 0:54:43]} a5 {[%clk 0:00:38]} 42. Rd8
{[%clk 0:52:23]} fxg4+ {[%clk 0:29:54]} 43. hxg4 {[%clk 1:22:04]} a4
{[%clk 0:29:40]} 44. Rh8 {[%clk 1:21:50]} Kf7 {[%clk 0:28:27]} 45. Ke4
{[%clk 1:21:18]} axb3 {[%clk 0:28:19]} 46. axb3 {[%clk 1:21:42]} Rg6
{[%clk 0:28:32]} 47. Kf5 {[%clk 1:20:34]} e4 {[%clk 0:28:47]} 48. Rh7+
{[%clk 1:20:55]}  1-0

[Event "Prague Open 2022 - A IM Open"]
[Site "Olympik hotel, Prague"]
[Date "2022.01.11"]
[Round "6"]
[Board "16"]
[White "Dev, Shah"]
[Black "Matras, Ondrej"]
[Result "1-0"]
[WhiteElo "2248"]
[BlackElo "2230"]
[PlyCount "0"]
[EventDate "2022.01.07"]
[EventRounds "9"]
[EventCountry "CZE"]

1. d4 {[%clk 1:30:50]} Nf6 {[%clk 1:30:58]} 2. c4 {[%clk 1:31:11]} c5
{[%clk 1:31:26]} 3. d5 {[%clk 1:31:30]} d6 {[%clk 1:31:40]} 4. Nc3
{[%clk 1:30:16]} e6 {[%clk 1:31:15]} 5. e4 {[%clk 1:27:38]} exd5 {[%clk 1:31:31]}
6. cxd5 {[%clk 1:27:59]} g6 {[%clk 1:31:35]} 7. f4 {[%clk 1:27:27]} Bg7
{[%clk 1:31:54]} 8. Bb5+ {[%clk 1:27:51]} Nfd7 {[%clk 1:32:14]} 9. a4
{[%clk 1:28:14]} Qh4+ {[%clk 1:29:18]} 10. g3 {[%clk 1:28:36]} Qe7
{[%clk 1:29:35]} 11. Nf3 {[%clk 1:28:52]} O-O {[%clk 1:28:53]} 12. O-O
{[%clk 1:27:45]} Na6 {[%clk 1:23:34]} 13. e5 {[%clk 1:24:30]} Nb4
{[%clk 1:21:55]} 14. Ne4 {[%clk 1:09:53]} dxe5 {[%clk 1:20:30]} 15. d6
{[%clk 1:08:43]} Qd8 {[%clk 1:20:51]} 16. fxe5 {[%clk 0:47:58]} Nxe5
{[%clk 0:50:45]} 17. Bg5 {[%clk 0:46:35]} Nxf3+ {[%clk 0:50:39]} 18. Qxf3
{[%clk 0:44:58]} f6 {[%clk 0:46:37]} 19. Nxf6+ {[%clk 0:44:16]} Bxf6
{[%clk 0:45:55]} 20. Bxf6 {[%clk 0:44:37]} Qxd6 {[%clk 0:46:04]} 21. Bc4+
{[%clk 0:44:53]} Be6 {[%clk 0:46:02]} 22. Rad1 {[%clk 0:45:07]} Nd5
{[%clk 0:37:33]} 23. Rxd5 {[%clk 0:43:39]} Qc6 {[%clk 0:33:38]} 24. Qb3
{[%clk 0:43:32]} Rf7 {[%clk 0:27:34]} 25. Rd8+ {[%clk 0:42:28]} Rxd8
{[%clk 0:27:43]} 26. Bxe6 {[%clk 0:42:50]} Rd2 {[%clk 0:24:06]} 27. Bxf7+
{[%clk 0:42:12]} Kf8 {[%clk 0:24:34]} 28. Be7+ {[%clk 0:42:22]} Kxe7
{[%clk 0:24:40]} 29. Qe3+ {[%clk 0:42:46]}  1-0

[Event "Prague Open 2022 - A IM Open"]
[Site "Olympik hotel, Prague"]
[Date "2022.01.11"]
[Round "6"]
[Board "17"]
[White "Goossens, Hanne"]
[Black "Cholleti, Sahajasri"]
[Result "0-1"]
[WhiteElo "2133"]
[BlackElo "2235"]
[PlyCount "0"]
[EventDate "2022.01.07"]
[EventRounds "9"]
[EventCountry "CZE"]

1. e4 {[%clk 1:30:57]} c5 {[%clk 1:22:55]} 2. Nf3 {[%clk 1:31:08]} d6
{[%clk 1:23:21]} 3. d4 {[%clk 1:31:30]} cxd4 {[%clk 1:23:47]} 4. Nxd4
{[%clk 1:31:51]} Nf6 {[%clk 1:24:12]} 5. Nc3 {[%clk 1:32:07]} a6 {[%clk 1:24:38]}
6. Be2 {[%clk 1:31:58]} e5 {[%clk 1:25:00]} 7. Nb3 {[%clk 1:32:22]} Be7
{[%clk 1:25:24]} 8. Be3 {[%clk 1:32:33]} Be6 {[%clk 1:25:49]} 9. Nd5
{[%clk 1:32:44]} Nbd7 {[%clk 1:25:47]} 10. Qd3 {[%clk 1:32:09]} O-O
{[%clk 1:24:36]} 11. a4 {[%clk 1:31:19]} Rc8 {[%clk 1:23:10]} 12. c4
{[%clk 1:29:45]} Bxd5 {[%clk 1:12:33]} 13. cxd5 {[%clk 1:29:29]} Nc5
{[%clk 1:11:45]} 14. Nxc5 {[%clk 1:28:47]} dxc5 {[%clk 1:12:13]} 15. O-O
{[%clk 1:24:59]} c4 {[%clk 1:07:41]} 16. Qc2 {[%clk 1:23:37]} b5 {[%clk 1:03:48]}
17. axb5 {[%clk 1:13:31]} axb5 {[%clk 1:04:16]} 18. Kh1 {[%clk 1:12:32]} h6
{[%clk 1:00:27]} 19. Ra6 {[%clk 0:53:31]} Bc5 {[%clk 0:50:02]} 20. Bd2
{[%clk 0:46:05]} Qe7 {[%clk 0:41:29]} 21. f3 {[%clk 0:27:04]} Bd4
{[%clk 0:27:17]} 22. Be1 {[%clk 0:24:31]} Nh5 {[%clk 0:23:51]} 23. b3
{[%clk 0:20:57]} Nf4 {[%clk 0:19:11]} 24. bxc4 {[%clk 0:18:20]} Nxe2
{[%clk 0:19:15]} 25. Qxe2 {[%clk 0:18:43]} bxc4 {[%clk 0:18:48]} 26. Bf2
{[%clk 0:15:10]} Qc5 {[%clk 0:18:02]} 27. Ra2 {[%clk 0:14:39]} f5
{[%clk 0:12:40]} 28. Bg1 {[%clk 0:10:35]} fxe4 {[%clk 0:11:25]} 29. fxe4
{[%clk 0:10:19]} Rxf1 {[%clk 0:11:46]} 30. Qxf1 {[%clk 0:10:44]} c3
{[%clk 0:10:49]} 31. Rc2 {[%clk 0:10:13]} Rf8 {[%clk 0:10:35]} 32. Qd1
{[%clk 0:02:19]} Qc4 {[%clk 0:10:31]} 33. Re2 {[%clk 0:01:42]} c2
{[%clk 0:09:01]} 34. Rxc2 {[%clk 0:01:51]} Rf1 {[%clk 0:09:29]} 35. Rxc4
{[%clk 0:01:38]} Rxd1 {[%clk 0:09:57]} 36. Rxd4 {[%clk 0:01:59]} exd4
{[%clk 0:10:24]} 37. g3 {[%clk 0:01:12]} d3 {[%clk 0:10:49]} 38. Kg2
{[%clk 0:00:57]} Rxg1+ {[%clk 0:11:12]} 39. Kxg1 {[%clk 0:01:17]} d2
{[%clk 0:11:41]}  0-1

[Event "Prague Open 2022 - A IM Open"]
[Site "Olympik hotel, Prague"]
[Date "2022.01.11"]
[Round "6"]
[Board "19"]
[White "Thompson, Ian D"]
[Black "Bomans, Arno"]
[Result "0-1"]
[WhiteElo "2095"]
[BlackElo "2246"]
[PlyCount "0"]
[EventDate "2022.01.07"]
[EventRounds "9"]
[EventCountry "CZE"]

1. Nf3 {[%clk 1:30:56]} c5 {[%clk 1:30:41]} 2. c4 {[%clk 1:30:51]} Nc6
{[%clk 1:30:57]} 3. Nc3 {[%clk 1:30:58]} e5 {[%clk 1:30:47]} 4. g3
{[%clk 1:30:21]} g6 {[%clk 1:29:52]} 5. Bg2 {[%clk 1:30:38]} Bg7 {[%clk 1:29:55]}
6. O-O {[%clk 1:30:29]} d6 {[%clk 1:30:00]} 7. d3 {[%clk 1:30:23]} Nge7
{[%clk 1:29:50]} 8. a3 {[%clk 1:29:46]} a5 {[%clk 1:29:46]} 9. Rb1
{[%clk 1:29:05]} O-O {[%clk 1:27:53]} 10. Bd2 {[%clk 1:28:54]} Rb8
{[%clk 1:22:27]} 11. Qa4 {[%clk 1:27:31]} Be6 {[%clk 1:14:04]} 12. Rfc1
{[%clk 1:26:42]} h6 {[%clk 1:06:52]} 13. Ne1 {[%clk 1:16:34]} Nd4
{[%clk 0:55:21]} 14. Qd1 {[%clk 1:13:37]} b5 {[%clk 0:36:22]} 15. e3
{[%clk 1:08:55]} bxc4 {[%clk 0:34:51]} 16. exd4 {[%clk 1:07:04]} exd4
{[%clk 0:35:17]} 17. Ne2 {[%clk 1:03:50]} cxd3 {[%clk 0:35:31]} 18. Nxd3
{[%clk 0:57:48]} Ba2 {[%clk 0:35:27]} 19. Ra1 {[%clk 0:57:59]} Bb3
{[%clk 0:35:51]} 20. Qe1 {[%clk 0:54:02]} a4 {[%clk 0:36:18]} 21. Nxc5
{[%clk 0:49:31]} dxc5 {[%clk 0:36:32]} 22. Rxc5 {[%clk 0:49:55]} d3
{[%clk 0:28:38]} 23. Nc3 {[%clk 0:40:29]} Nf5 {[%clk 0:29:01]} 24. Bf4
{[%clk 0:36:06]} Bc2 {[%clk 0:22:04]} 25. Rd5 {[%clk 0:30:36]} Qc8
{[%clk 0:21:52]} 26. Rc1 {[%clk 0:24:26]} Rxb2 {[%clk 0:16:56]} 27. Nxa4
{[%clk 0:24:15]} Ra2 {[%clk 0:17:01]} 28. Qb4 {[%clk 0:16:20]} Qa6
{[%clk 0:09:09]} 29. Ra5 {[%clk 0:15:06]} Qf6 {[%clk 0:04:10]} 30. Bd5
{[%clk 0:10:50]} Ra1 {[%clk 0:03:33]} 31. Kg2 {[%clk 0:09:41]} Rxc1
{[%clk 0:02:56]} 32. Bxc1 {[%clk 0:10:09]} Nd4 {[%clk 0:02:04]} 33. Bb2
{[%clk 0:06:21]} Rd8 {[%clk 0:02:22]} 34. Bb7 {[%clk 0:04:53]} Rb8
{[%clk 0:01:41]} 35. Nc5 {[%clk 0:04:51]} Rxb7 {[%clk 0:00:52]} 36. Nxb7
{[%clk 0:04:12]} Qf3+ {[%clk 0:01:14]} 37. Kh3 {[%clk 0:04:15]} d2
{[%clk 0:00:36]} 38. Qxd2 {[%clk 0:04:11]} Qxb7 {[%clk 0:00:31]} 39. Bxd4
{[%clk 0:04:13]} Qd7+ {[%clk 0:00:56]} 40. g4 {[%clk 0:03:24]} h5
{[%clk 0:00:39]} 41. f3 {[%clk 0:03:41]} hxg4+ {[%clk 0:26:55]} 42. fxg4
{[%clk 0:34:02]} Be4 {[%clk 0:22:39]} 43. Bc3 {[%clk 0:30:46]} Bd3
{[%clk 0:21:47]} 44. Ra8+ {[%clk 0:26:19]} Kh7 {[%clk 0:22:13]} 45. Qf2
{[%clk 0:22:06]} g5 {[%clk 0:18:34]} 46. Bxg7 {[%clk 0:19:54]} Kxg7
{[%clk 0:17:12]} 47. Ra5 {[%clk 0:18:42]} Kg6 {[%clk 0:16:16]} 48. Qb6+
{[%clk 0:17:51]} f6 {[%clk 0:15:06]} 49. Qf2 {[%clk 0:12:29]} Be4
{[%clk 0:13:25]} 50. Qe3 {[%clk 0:11:18]} Qh7+ {[%clk 0:13:41]}  0-1